MONTHLY STATISTICS OF FOREIGN TRADE OF INDIA I I (Record no. 1981)
[ view plain ]
| 000 -LEADER | |
|---|---|
| fixed length control field | 00340nam a2200121Ia 4500 |
| 008 - FIXED-LENGTH DATA ELEMENTS--GENERAL INFORMATION | |
| fixed length control field | 240624s9999 xx 000 0 und d |
| 041 ## - LANGUAGE CODE | |
| Language code of text/sound track or separate title | eng |
| 082 ## - DEWEY DECIMAL CLASSIFICATION NUMBER | |
| Classification number | 382 COM |
| 100 ## - MAIN ENTRY--PERSONAL NAME | |
| Personal name | DIRECTORATE GENERAL OF COMMERCIAL INTELLIGENCE STA |
| 245 ## - TITLE STATEMENT | |
| Title | MONTHLY STATISTICS OF FOREIGN TRADE OF INDIA I I |
| 260 ## - PUBLICATION, DISTRIBUTION, ETC. | |
| Date of publication, distribution, etc. | 2001 |
| 300 ## - PHYSICAL DESCRIPTION | |
| Extent | 1088-2907 : cm. ; 27 |
| Withdrawn status | Lost status | Damaged status | Not for loan | Home library | Current library | Shelving location | Date acquired | Full call number | Barcode | Date last seen | Price effective from | Koha item type |
|---|---|---|---|---|---|---|---|---|---|---|---|---|
| IMTN | IMTN | Rack 16-B | 03/01/2005 | 382 COM | 1981 | 06/24/2024 | 06/24/2024 | Books |